Relación y cartas de Cristóbal Colón. (Record no. 45322)

MARC details
000 -LEADER
campo de control de longitud fija 00530nam a2200193 i 4500
001 - NÚMERO DE CONTROL
campo de control 45322
003 - IDENTIFICADOR DE NÚMERO DE CONTROL
campo de control ES-MaACL
005 - FECHA Y HORA DE LA ÚLTIMA TRANSACCIÓN
campo de control 20230906161211.0
007 - CAMPO FIJO DE DESCRIPCIÓN FÍSICA--INFORMACIÓN GENERAL
campo de control de longitud fija t|
008 - DATOS DE LONGITUD FIJA--INFORMACIÓN GENERAL
campo de control de longitud fija 030325s1892 sp ||||1| spa d
100 1# - ENTRADA PRINCIPAL--NOMBRE DE PERSONA
Nombre de persona Colón, Cristóbal.
9 (RLIN) 39869
245 10 - MENCIÓN DEL TÍTULO
Título Relación y cartas de Cristóbal Colón.
260 ## - PUBLICACIÓN, DISTRIBUCIÓN, ETC.
Lugar de publicación, distribución, etc. Madrid :
Nombre del editor, distribuidor, etc. Viuda de Hernando,
Fecha de publicación, distribución, etc. 1892.
300 ## - DESCRIPCIÓN FÍSICA
Extensión XXIV, 424 p. ;
Dimensiones 18 cm.
490 1# - MENCIÓN DE SERIE
Mención de serie Biblioteca clásica
830 0# - PUNTO DE ACCESO ADICIONAL DE SERIE-TÍTULO UNIFORME
Título uniforme Biblioteca clásica
9 (RLIN) 180370
852 ## - LOCALIZACIÓN
Ubicación ES-MaACL
Número de control de estantería F-13070
Holdings
Estatus retirado Estado de pérdida Estado de daño No para préstamo Colección Biblioteca de origen Biblioteca actual Ubicación en estantería Fecha de adquisición Fuente de adquisición Total de préstamos Signatura topográfica completa Código de barras Visto por última vez Precio de reemplazo Tipo de ítem Koha
        Libros del s. XIX Biblioteca del Ateneo de Madrid Biblioteca del Ateneo de Madrid Sala Pecera Planta 2 17/01/2008     F-13070 1047688 23/02/2023 23/02/2023 Libro impreso antiguo